| 000 | 00728nam a22001697a 4500 | ||
|---|---|---|---|
| 008 | 100426s2006 ua|||||r|||| 000 0 ara d | ||
| 020 | _a9773441172 | ||
| 082 |
_222 _a260 _bش ا ذ |
||
| 100 |
_913690 _aالشاذلي، عبدالله |
||
| 245 |
_aالسلوك والدوافع والتلقي / _cعبدالله الشاذلي |
||
| 260 |
_aالقاهرة: _bدار الآفاق العربية ، 2006 _c2006 |
||
| 300 |
_a439 ص؛ _c23 سم |
||
| 490 |
_aموسوعة التصوف الإسلامي ؛ _v4 |
||
| 650 |
_98787 _aالتصوف الإسلامى |
||
| 942 |
_2ddc _cBB |
||
| 999 |
_c13939 _d13939 |
||